| 000 | 01028nam a2200229Ia 4500 | ||
|---|---|---|---|
| 003 | OSt | ||
| 005 | 20211206120929.0 | ||
| 008 | 210310s1982 ck ad gr 000 0 spa d | ||
| 040 |
_aCO-JMCR _cCO-JMCR |
||
| 041 | 0 | _aspa | |
| 082 | 0 | 4 |
_a381.09861 / _bC749e _223 |
| 111 | 2 |
_aCongreso Nacional de Comerciantes _cCúcuta, Colombia) _n(36 °: _d1981: _941730 |
|
| 245 | 1 | 3 |
_aEl empleo, el contrabando, la finanzas publicas y la integración fronteriza : _bCuatro grandes temas de interés nacional / _cCongreso Nacional de Comerciantes |
| 260 |
_aCúcuta, Colombia : _bCámara de Comercio de Bogotá, _c1981. |
||
| 300 |
_a212 páginas : _bilustraciones y gráficas en blanco y negro ; _c24 cm. |
||
| 501 | _aCon: notas a pie de página. | ||
| 505 | 0 | _aPlanteamientos generales. -- El empleo, el contrabando, las finanzas publicas y la integración fronteriza. | |
| 650 | 1 | 4 |
_aFianzas públicas _941731 |
| 650 | 2 | 4 |
_aIntegración fronteriza _941732 |
| 650 | 2 | 4 |
_aCódigo laboral _xFinanzas públicas _941733 |
| 942 |
_2ddc _cBK |
||
| 999 |
_c12840 _d12840 |
||